000 00320nam a2200121Ia 4500
001 65581
008 220905n ii |||gr||||Z||||||465
082 _a892.7
100 _aDaif, Shawqi ,
_eAuthor.,
245 0 _aFi shir wal fukaha fi misr
_cShawqi Daif
_hTextual Documents
653 _aArabic Literature
942 _2ddc
_cBK
999 _c66681
_d66681